000 004660000a22001690004500
041 0 _aENG
082 0 4 _aG 268.61 H6389v
100 1 _aHigley, L. H. (Luther Hume) (1867-)
245 1 0 _aHigley's sunday school lesson commentary for 1955 / L. H. Higley
260 _aButler, IN., USA : Higley
300 _a320 Pag
001 8113
942 _cBK
999 _c38308
_d38308
336 _atexto
_btxt
_2rdacontent
337 _2rdamedia
_asin mediación
_bn
338 _2rdacarrier
_avolumen
_bnc